00780 2200277 4500001002100000005001700021008004100038035002400079090001500103100002400118245009200142250001100234260002800245300001800273500003700291500002900328500003100357500001100388650001400399700002300413850001500436980001500451985000600466999001500472999001500487YOGYA-0209000002174420090227023554.0 ind  0010-020900000021744 a301bJoh T aJOHNSON, Doyle Paul aTeori sosiologi klasik dan moderncDoyle Paul Johnson ; alih bahasa, Robert M.Z. Lawang aCet. 1 aJakartabGramediac1986 a...jilc24 cm aJudul asli : Sociological theory aYang diterima : Jil. 1-2 aBibliografi : hlm. 293-305 aIndeks aSosiologi aLawang, Robert M.Z aYOPDYOG(B) a12-23-2006 a2 a06A0013277 a06A0013278